00758nam a22002057a 4500999001500000001000500015003000900020005001700029008004100046040003800087082002400125245011500149260004100264300002300305505001200328650004500340700002900385942001200414952012600426 c7060d70608962BD-DhUAP20210113125930.0210113s1968 bg ||||| |||| 00| 0 eng d aBD-DhUAPbEngcBD-DhUAPdBD-DhUAP 223a348.549204 DAC  aThe Dacca law reports :btable of cases of the high court of East Pakistan /cedited by Obaidul Huq Chowdhury. aDacca : bDacca law reports,c1968.  avolumes ;c25 cm.  aV. 20-- aLaw reports, digests, etc. zBangladesh. aChowdhury, Obaidul Huq.  2ddccBK 00102ddc4070aDBASLbDBASLcGeneral Stacksd2021-01-13o348.549204 DAC V-20p3010008962r2021-01-13t1w2021-01-13yBK